| 000 | 00656nam a2200169 i 4500 | ||
|---|---|---|---|
| 001 | 150894 | ||
| 003 | ES-MaACL | ||
| 005 | 20230906203742.0 | ||
| 007 | t| | ||
| 008 | 071116s1879 sp ||||1| spa d | ||
| 100 | 1 |
_aJordana y Morera, Ramón. _966937 |
|
| 245 | 1 | 0 |
_aMemorias sobre la producción de los montes públicos de Filipinas en los años económicos de 1874-75 y 1875-76 elevadas... / _cpor Ramón Jordana y Morera. |
| 260 |
_aMadrid : _b[s.n.], _c1879 ( _fImp. Ramon Moreno y Ricardo Rojas) |
||
| 300 |
_a65 p. ; _c23 cm. |
||
| 650 | 4 |
_aMontes públicos- _zFilipinas. _9139330 |
|
| 852 |
_aES-MaACL _jG-9533(13) _q. - Encuadernado con otras obras |
||
| 999 |
_c150894 _d150894 |
||